Statistiken für Länder in der Nähe von DR Kongo mit einer leeren Karte

Klicken Sie hier um das Quiz zu spielen!

Allgemein

  • Dieses Quiz wurde 255 mal gespielt
  • Das Durchschnittsergebnis liegt bei 13 aus 20

Antworten auf der Karte

Die Antworten werden auf der Karte rot bzw. grün angezeigt, abhängig davon wie oft sie richtig erraten wurden.
 

Antwortstatistiken

Land% Korrekt
Angola
80%
Kongo
80%
Uganda
79%
Ruanda
77%
Zentralafrikanische
Republik
76%
Tansania
75%
Sambia
72%
Burundi
70%
Kenia
66%
Gabun
64%
Südsudan
62%
Malawi
59%
Namibia
58%
Kamerun
56%
Botswana
55%
Simbabwe
53%
Sudan
52%
Mosambik
49%
Tschad
47%
Äthiopien
30%

Verteilung der Resultate

Perzentil nach korrekt beantworteten Fragen

Anzahl Personen mit jedem Resultat

Ihre Resultats-Entwicklung

Sie haben dieses Quiz noch nicht gespielt